| 000 | 00804cab a2200265 4500 | ||
|---|---|---|---|
| 001 | WB3422-27 | ||
| 008 | 090401t xxu||||| |||| 00| 0 eng d | ||
| 035 | _a(Sirsi) u86774 | ||
| 041 | _aeng | ||
| 245 | _aClean sweep | ||
| 260 | _c(434) 8 June 1998(6) | ||
| 350 | _a0 | ||
| 490 |
_aFinancial Times _v11 June 1998, 20 |
||
| 490 |
_aDETR News Release _v(434) 8 June 1998(6) |
||
| 520 | _aExamines plans across Europe to design 21st century environmentally friendly cities looking at housing, energy use and traffic congestion. | ||
| 650 | _aAIR POLLUTION | ||
| 650 | _aCITIES | ||
| 650 | _aENERGY EFFICIENCY | ||
| 650 | _aSUSTAINABLE DEVELOPMENT | ||
| 650 | _aTRAFFIC CONGESTION | ||
| 650 | _aURBAN EXCHANGE INITIATIVE | ||
| 690 |
_aEnvironment _96238 |
||
| 942 | _n0 | ||
| 948 | _c11/06/1998 | ||
| 999 |
_c54647 _d54647 |
||